Welcome to CU Library Online Public Access Catalogue (OPAC)

Learning and instruction / (Record no. 4921)

MARC details
000 -LEADER
fixed length control field 00609cam a22002174a 4500
001 - CONTROL NUMBER
control field 12722724
005 - DATE AND TIME OF LATEST TRANSACTION
control field 20250318105559.0
008 - FIXED-LENGTH DATA ELEMENTS--GENERAL INFORMATION
fixed length control field 020328s2003 njua b 001 0 eng
020 ## - INTERNATIONAL STANDARD BOOK NUMBER
International Standard Book Number 0130983969
020 ## - INTERNATIONAL STANDARD BOOK NUMBER
International Standard Book Number 9780130983961
050 00 - LIBRARY OF CONGRESS CALL NUMBER
Classification number LB1051
Item number .M3913 2003
082 00 - DEWEY DECIMAL CLASSIFICATION NUMBER
Classification number 370.15/23
Edition information 21
100 1# - MAIN ENTRY--PERSONAL NAME
Personal name Mayer, Richard E.,
Dates associated with a name 1947-
245 10 - TITLE STATEMENT
Title Learning and instruction /
Statement of responsibility, etc. Richard E. Mayer.
260 ## - PUBLICATION, DISTRIBUTION, ETC.
Place of publication, distribution, etc. Upper Saddle River, N.J. :
Name of publisher, distributor, etc. Merrill,
Date of publication, distribution, etc. c2003.
300 ## - PHYSICAL DESCRIPTION
Extent xi, 516 p. :
Other physical details ill. ;
Dimensions 24 cm.
650 #0 - SUBJECT ADDED ENTRY--TOPICAL TERM
Topical term or geographic name entry element Educational psychology.
650 #0 - SUBJECT ADDED ENTRY--TOPICAL TERM
Topical term or geographic name entry element Teaching.
650 #0 - SUBJECT ADDED ENTRY--TOPICAL TERM
Topical term or geographic name entry element Learning.
942 ## - ADDED ENTRY ELEMENTS (KOHA)
Source of classification or shelving scheme Library of Congress Classification
Koha item type Books
Suppress in OPAC No
999 ## -
-- 4921
-- 4921
Holdings
Withdrawn status Lost status Source of classification or shelving scheme Damaged status Not for loan Collection Home library Current library Shelving location Date acquired Total checkouts Full call number Barcode Date last seen Copy number Price effective from Koha item type
    Library of Congress Classification     Non-fiction Business Library (Miotso) Business Library (Miotso) General stacks 03/18/2025   LB1051 .M3913 2003 BSSM00001465 03/18/2025 1 03/18/2025 Books
© 2023-2024 Copyright: Central University Libraries. All Rights Reserved | Created by: Mahone Tech Office